ZWYCIĘZCY LIGI EUROPY! - Statystyki

Ogólne statystyki
  • Ten quiz został rozwiązany 1 005 razy
    1 003 od ostatniego zresetowania
  • Średni wynik to 27 z 51
Statystyki odpowiedzi
Sezon Klub % Poprawnych
2005/2006 Sevilla
89%
2006/2007 Sevilla
89%
2013/2014 Sevilla
89%
2014/2015 Sevilla
89%
2015/2016 Sevilla
89%
2019/2020 Sevilla
89%
2016/2017 Manchester U
82%
1984/1985 Real Madryt
77%
1985/1986 Real Madryt
77%
2012/2013 Chelsea
76%
2018/2019 Chelsea
76%
2009/2010 Atletico
68%
2011/2012 Atletico
68%
2017/2018 Atletico
68%
1990/1991 Inter
66%
1993/1994 Inter
66%
1997/1998 Inter
66%
1972/1973 Liverpool
66%
1975/1976 Liverpool
66%
2000/2001 Liverpool
66%
1976/1977 Juventus
63%
1989/1990 Juventus
63%
1992/1993 Juventus
63%
1987/1988 Bayer
61%
1991/1992 Ajax
57%
2020/2021 Villarreal
57%
1971/1972 Tottenham
53%
1983/1984 Tottenham
53%
2002/2003 Porto
51%
2010/2011 Porto
51%
1977/1978 PSV
46%
1995/1996 Bayern
45%
1988/1989 Napoli
41%
1979/1980 Frankfurt
39%
2021/2022 Frankfurt
39%
2003/2004 Valencia
38%
1973/1974 Feyenoord
36%
2001/2002 Feyenoord
36%
2007/2008 Zenit
30%
2004/2005 CSKA
28%
2008/2009 Szachtar
28%
1996/1997 Schalke
25%
1999/2000 Galatasaray
24%
1994/1995 Parma
23%
1998/1999 Parma
23%
1974/1975 Borussia M
21%
1978/1979 Borussia M
21%
1982/1983 Anderlecht
19%
1981/1982 Goteborg
11%
1986/1987 Goteborg
11%
1980/1981 Ipswich
10%
Nie znaleziono quizów pasujących do podanych kryteriów
Rozkład punktacji
Procent ludzi z każdym wynikiem
Percentyl według liczby udzielonych odpowiedzi
Twoja historia wyników
Nie rozwiązałeś tego quizu od ostatniego zresetowania